Biology/ (Record no. 201532)

MARC details
000 -LEADER
fixed length control field 00674nam a22002057a 4500
005 - DATE AND TIME OF LATEST TRANSACTION
control field 20240315151750.0
010 ## - LCCN (DPL NO)
LC control number ENG-139720
020 ## - INTERNATIONAL STANDARD BOOK NUMBER
Terms of availability 217.00
International Standard Book Number 9788192802206
035 ## - SYSTEM CONTROL NUMBER
System control number EN-123252
037 ## - SOURCE OF ACQUISITION
Source of stock number/acquisition DBAD/PUB
082 ## - DEWEY DECIMAL CLASSIFICATION NUMBER
Classification number 574
Edition number 1
100 ## - MAIN ENTRY--PERSONAL NAME
Personal name Nagamani.P
245 ## - TITLE STATEMENT
Title Biology/
Statement of responsibility, etc Smt. P. Nagamani
Medium English
250 ## - EDITION STATEMENT
Edition statement 1
260 ## - PUBLICATION, DISTRIBUTION, ETC. (IMPRINT)
Place of publication, distribution, etc S.R. Nagar
Name of publisher, distributor, etc Spectrum School Books
Date of publication, distribution, etc 2018
270 ## - ADDRESS
Address #326/C,Level-4,Surneni Nilayam ,Near B.K. Guda Park
City Hyderabad
Postal code 500 038
Telephone number +91 4023710657
-- +91 238000657
Electronic mail address spectrumallinone.in@gmail.com
300 ## - PHYSICAL DESCRIPTION
Extent 10.478
Dimensions 28cm(pbk)
700 ## - ADDED ENTRY--PERSONAL NAME
Personal name Smt.P. Nagamani
9 (RLIN) 60069
942 ## - ADDED ENTRY ELEMENTS (KOHA)
Source of classification or shelving scheme Dewey Decimal Classification
Item type English Books
Classification part 574
Call number suffix NAG
Edition 1
Holdings
Withdrawn status Lost status Not for loan Collection code Home library Current library Date acquired Source of acquisition Cost, normal purchase price Full call number Barcode Copy number Cost, replacement price Koha item type
      Non-fiction Bawana Bawana 15/03/2024 DBAD 217.00 574 NAG EN-123252 1 217.00 English Books

© Delhi Public Library
Hit Counter
free hit counter